1766 1243 1292 1060 1690 1026 1118 1759 1583 1351 1085 1627 1913 1893 1223 1987 1457 1657 1355 1445 1919 1960 1777 1690 1734 1713 1227 1648 1582 1999 1675 1794 1216 1881 1167 1617 1797 1122 1294 1933 1854 1848 1985 1220 1036 1372 1205 1843 1617 1993 1048 1870 1186 1417 1804 1509 1995 1738 1853 1546 1178 1600 1083 1805 1165 1484 1407 1057 1344 1074 1824 1806 1941 1797 1502 1683 1260 1063 1725 1043 1666 1103 1881 1667 1635 1373 1325 1276 1723 1060 1416 1906 1025 1019 1838 1640 1591 1576 1903 BCNSPRNW ULIB Ver.6.0+V

เปลี่ยนเป็นภาษาไทย

Change to English
 แสดงรายละเอียดบรรณานุกรม
  กลับหน้าหลัก

Brief Record : Get Marc (ISO 2709) : E-mail record : QR code < ปิดหน้าต่าง
LEADER : 00000nam 2200000uu 4500
001    13399124465
003     ULIB
008    150726s2548||||th 000 0 tha d
020    ^a9789749907719
090    ^aนว.^bร930ฮ ล.6
100 0  ^aโรว์ลิ่ง, เจ.เค.
245 00 ^aแฮร์รี่ พอตเตอร์ กับเจ้าชายเลือดผสม เล่ม 6/^cโรว์ลิ่ง, เจ.เค.
250    ^aพิมพ์ครั้งที่ 1
260    ^aกรุงเทพฯ :^bนานมีบุ๊คส์,^c2548
300    ^a680 หน้า
710 1  ^aนานมีบุ๊คส์
945    ^p395^l0^i021007
999    ^aเกษร โพธิ์สุวรรณ
รายการนี้ยังไม่มีแท็ก
คุณยังไม่ได้ล็อกอิน คุณสามารถมีกิจกรรมร่วมกับเว็บไซต์ได้ แต่ต้องล็อกอินก่อน ::
  ล็อกอิน

รายการสื่อสารสนเทศ

ลำดับที่ ประเภท เลขเรียก/บาร์โค้ด สถานที่ สถานะ
1. นวนิยาย
นวนิยาย
นว. ร930ฮ ล.6 ฉ.1 
  Barcode: 021007
ห้องสมุดวิทยาเขตสวรรค์ประชารักษ์
►นวนิยาย
บนชั้น
  ขอยืม

รายการใกล้เคียง
    ผู้แต่ง [โรว์ลิ่ง, เจ.เค.]

BibComment


ยังไม่เคยถูกคอมเมนท์

คอมเมนท์ทรัพยากรรายการนี้
  คอมเมนท์: แฮร์รี่ พอตเตอร์..


 Copyright 2026. Bcnsprnw @Library